00377 a2200157 4500001000700000020001800007040002200025041001600047082002400063100002000087245005300107250000900160260002900169300000800198362001300206130842 a85-224-2106-4 cLeonardo Da Vinci aPortuguês a513.93 S359mbS359m aSHINODA, Carlos aMatemática Financeira para usuários do Excel a2.ed bAtlasc1998aSão Paulo a167 a19980000